Normal view MARC view

Entry Personal Name

Number of records used in: 1

001 - CONTROL NUMBER

  • control field: 309080

003 - CONTROL NUMBER IDENTIFIER

  • control field: DLC

005 - DATE AND TIME OF LATEST TRANSACTION

  • control field: 20260226124802.0

008 - FIXED-LENGTH DATA ELEMENTS

  • fixed length control field: 220919n| azannaabn |b aaa c

010 ## - LIBRARY OF CONGRESS CONTROL NUMBER

  • LC control number: no2022114787

024 7# - OTHER STANDARD IDENTIFIER

  • Standard number or code: 0000-0002-2226-2293
  • Source of number or code: orcid

035 ## - SYSTEM CONTROL NUMBER

  • System control number: (OCoLC)oca14818025

040 ## - CATALOGING SOURCE

  • Original cataloging agency: CtY
  • Language of cataloging: eng
  • Description conventions: rda
  • Transcribing agency: CtY
  • Modifying agency: MdRoLAC

046 ## - SPECIAL CODED DATES

  • Birth date: 1980
  • Source of date scheme: edtf

100 1# - HEADING--PERSONAL NAME

  • Personal name: Xie, Ming,
  • Dates associated with a name: 1980-

370 ## - ASSOCIATED PLACE

  • Other associated place: Taiyuan Shi (China)
  • Source of term: naf

372 ## - FIELD OF ACTIVITY

  • Field of activity: Ethnology
  • Field of activity: Communication--Religious aspects
  • Field of activity: Intercultural communication
  • Source of term: naf

373 ## - ASSOCIATED GROUP

  • Associated group: Zhongguo she hui ke xue yuan
  • Source of term: naf

373 ## - ASSOCIATED GROUP

  • Associated group: University of Nebraska at Omaha
  • Source of term: naf

373 ## - ASSOCIATED GROUP

  • Associated group: West Texas A & M University
  • Source of term: naf

374 ## - OCCUPATION

  • Occupation: University and college faculty members
  • Source of term: lcdgt

400 1# - SEE FROM TRACING--PERSONAL NAME

  • Personal name: 谢明,
  • Dates associated with a name: 1980-

670 ## - SOURCE DATA FOUND

  • Source citation: Jidu jiao zai Zhongguo, 2014:
  • Information found: title page (谢明 = Xie Ming) front cover flap (female; born in 1980; native of Shanxi Taiyuan; Ph.D. in ethnology, Zhongguo she hui ke xue yuan yan jiu sheng yuan, 2010; researcher, Zhongguo she hui ke xue yuan xin wen yu chuan bo yan jiu suo, 2005- ; research interest, missions of religions, cross-cultural communication, interpersonal communication)

670 ## - SOURCE DATA FOUND

  • Source citation: Mobile communications in Asian society and culture, 2023:
  • Information found: ECIP title page (Ming Xie; ORCID ID: 0000-0002-2226-2293) galley (assistant professor at West Texas A&M University; Ph.D. in public administration from University of Nebraska at Omaha and Ph.D. in cultural anthropology from Chinese Academy of Social Sciences; research area: nonprofit organization management and communication and emergency management)